| 000 | 00661nam a22002537a 4500 | ||
|---|---|---|---|
| 001 | 083 | ||
| 003 | DO-SdBNP | ||
| 005 | 20180118144207.0 | ||
| 007 | 083 | ||
| 008 | 151005b1962 sp 00| 0 spa d | ||
| 020 | _a8470021346 | ||
| 040 |
_aBPMSU _bspa _cBPMSU |
||
| 092 |
_aXXXX _bXXXX |
||
| 100 | 1 | _aRay, Jean | |
| 245 | 1 | 3 |
_aLa ciudad del miedo indecible / _cJean Ray ; traducción José Ma. Roca |
| 260 |
_aBarcelona : _bAcervo, _c1962. |
||
| 300 |
_a148 p. ; _c18 cm. |
||
| 490 | 1 |
_aEl observador _v63 |
|
| 700 | 1 | 2 |
_aRoca, José Ma. _etrad. |
| 830 | 0 |
_aEl observador _n63 |
|
| 942 |
_2ddc _cBK |
||
| 945 | _aInventariado, 2018 /LP | ||
| 956 |
_aYngrid Lockward _b10 |
||
| 999 |
_c8515 _d8515 |
||